Vuelta /
Octavio Paz [Lozano] (1914-1998) poeta y ensayista mexicano, es una de las figuras intelectuales de mayor prestigio en la literatura hispanoamericana del siglo XX. Premio Nobel de Literatura en 1990 entre los muchos que obtuvo. Obras en poesía: Libertad bajo palabra (1949 y 1960 como compilación de...
Bewaard in:
| Hoofdauteur: | |
|---|---|
| Formaat: | Boek |
| Taal: | Spaans |
| Gepubliceerd in: |
Barcelona, España :
Seix Barral,
1976, c1976
|
| Reeks: | (Biblioteca Breve ; Poesía)
395. |
| Onderwerpen: | |
| Tags: |
Geen labels, Wees de eerste die dit record labelt!
|
MARC
| LEADER | 00000nam^a2200000^a^4500 | ||
|---|---|---|---|
| 001 | 000321158 | ||
| 005 | 20250521000000.0 | ||
| 009 | 20260310113534.243 | ||
| 020 | |a 84-322-0299-1 | ||
| 025 | |a Donación Alvaro Gómez Saborío, 1 ejemplar | ||
| 037 | |a Acervo Xavier Clavigero | ||
| 041 | |a ESP | ||
| 082 | |a 861. |b PAZ | ||
| 100 | |a Paz, Octavio |e (autor) | ||
| 245 | 1 | 0 | |a Vuelta / |c O. Paz. |
| 264 | 4 | |a Barcelona, España : |b Seix Barral, |c 1976, c1976 | |
| 300 | |a 92 p. | ||
| 336 | |a texto |b txt |2 rdacontenido | ||
| 337 | |a sin mediación |b n |2 rdamedio | ||
| 338 | |a volumen |b nc |2 rdasoporte | ||
| 440 | 1 | |a (Biblioteca Breve ; |v 395. |p Poesía) | |
| 520 | |a Octavio Paz [Lozano] (1914-1998) poeta y ensayista mexicano, es una de las figuras intelectuales de mayor prestigio en la literatura hispanoamericana del siglo XX. Premio Nobel de Literatura en 1990 entre los muchos que obtuvo. Obras en poesía: Libertad bajo palabra (1949 y 1960 como compilación de obra poética 1935-1958), Salamandra (1962), Ladera este (1969) y El mono gramático (1974) entre otras. En prosa: El laberinto de la soledad (1950), El arco y la lira (1956), Las peras del olmo (1957), Corriente alterna (1967) y Sor Juana Inés de la Cruz o las trampas de la fe (1982) son algunas de su vasta creación literaria. | ||
| 649 | |a XX | ||
| 650 | |a Poesía Mexicana | ||
| 650 | |a Literatura Mexicana - |y Siglo XX | ||
| 910 | |a Fondo General | ||
| 920 | |a Impresos - Libros | ||
| 930 | |a Colección General | ||
| 940 | |a Literatura | ||
| 905 | |a 101 | ||
| 901 | |a 0500208486 |b IT1 |c LIT |i D |u 20250521 | ||
| 902 | |a https://opac.biblio.iteso.mx/vufind/Record/000321158 | ||